Techno Solution Service Provider Web Portal (Record no. 64707)

MARC details
000 -LEADER
fixed length control field 00551nam a22001817a 4500
082 ## - DEWEY DECIMAL CLASSIFICATION NUMBER
Classification number R/6IT15
100 ## - MAIN ENTRY--AUTHOR NAME
Personal name Syed Muzamil Shah
100 ## - MAIN ENTRY--AUTHOR NAME
Personal name Roll No. 15BS(IT)53
100 ## - MAIN ENTRY--AUTHOR NAME
Personal name Supervisor - Mr. Zeeshan Nizamani
245 ## - TITLE STATEMENT
Title Techno Solution Service Provider Web Portal
260 ## - PUBLICATION, DISTRIBUTION, ETC. (IMPRINT)
Place of publication Nawabshah
Name of publisher QUEST
Year of publication 2019
300 ## - PHYSICAL DESCRIPTION
Number of Pages 74p
700 ## - ADDED ENTRY--PERSONAL NAME
Personal name Dilshad Rajpoot (Roll No. 15BS(IT)36)
700 ## - ADDED ENTRY--PERSONAL NAME
Personal name Ambreen Ansari (Roll No. 15BS(IT)44)
700 ## - ADDED ENTRY--PERSONAL NAME
Personal name Zain Dahri (Roll No. 15BS(IT)65)
700 ## - ADDED ENTRY--PERSONAL NAME
Personal name Munawar Dahani (Roll No. 15BS(IT)33)
942 ## - ADDED ENTRY ELEMENTS (KOHA)
Koha item type Thesis and Dissertation
Holdings
Withdrawn status Lost status Home library Current library Date acquired Accession Number Koha item type
    Central Library, QUEST, Nawabshah Research Section 06/03/2019 ITP/14-129 Thesis and Dissertation